007240000a2200157000450000500170000000800410001708200160005811000270007424502980010126000440039930000110044349000150045465000370046965000380050670000220054420231211113315.0230817t1966 ||||| |||| 00| 0 eng d a340.59bCEY aCeylon, the government aThe Muslim marriage and divorce law reports:bcontaining cases decided by the Board of Quazis, the Supreme Court of Ceylon and Her Majesty the Queen in Her Privy Council on appeal from the Supreme Court of Ceylon, and articles on marriage and divorce and other connected matters, with a digest aColombo:b[the government press],c1966 a149 p. aVolume-III aDivorce (Islamic law)- Sri Lanka aMarriage (Islamic law)- Sri Lanka aMarkhani, M.eed.